000 00881nam a22002657a 4500
003 DO-SdBPM
005 20250605070418.0
008 171113b2003 sp ||| 00| 0 spa d
020 _a8496200841
040 _aDO-SdBPM
_bspa
_cBPMSU
082 4 _a833.8
_bB863i 2003
_222
100 1 _aBroch, Hermann,
_d1886-1951.
240 1 0 _aDie Schuldlosen.
_lEspañol
245 1 0 _aLos Inocentes /
_cHermann Broch ; traducción: María Ángeles Grau.
260 _a[Barcelona] :
_bMDS Books/Mediasat,
_c2003.
300 _a224 p. ;
_c22 cm.
490 0 _aLas mejores novelas de la literatura universal contemporánea,
_v117
590 _aInventariado, 2025/VM
650 4 _aNovela austriaca
650 4 _aMujeres
_vNovela
700 1 _aGrau, María Ángeles,
_etraductor
700 1 _aIbáñez, Andrés,
_eprólogo
910 _aVMateo V. Control de calidad. BPMSU
942 _2ddc
_cBK
999 _c12857
_d12857